1572 1028 1236 1994 1115 1786 1105 1371 1256 1083 1586 1887 1125 1229 1634 1729 1777 1746 1079 1532 1847 1012 1366 1031 1064 1912 1730 1760 1893 1378 1104 1733 1863 1895 1216 1136 1744 1015 1532 1732 1163 1247 1440 1748 1997 1860 1232 1982 1069 1036 1302 1350 1322 1156 1414 1452 1531 1470 1707 1304 1343 1804 1755 1670 1662 1111 1880 1010 1827 1057 1054 1818 1208 1557 1505 1617 1025 1423 1205 1605 1800 1831 1177 1882 1007 1244 1448 1648 1349 1570 1066 1702 1608 1872 1218 1681 1193 1698 1353 BCNSPRNW ULIB Ver.6.0+V

เปลี่ยนเป็นภาษาไทย

Change to English
 แสดงรายละเอียดบรรณานุกรม
  กลับหน้าหลัก

Brief Record : Get Marc (ISO 2709) : E-mail record : QR code < ปิดหน้าต่าง
LEADER : 00000nam 2200000uu 4500
001    13399127930
003     ULIB
008    211115s2021||||th 000 0 tha d
020    ^a9781975161675
060 04 ^aWY157.3^bR491E
100 1  ^aRicci, Susan Scott
245 10 ^aEssentials of maternity, newborn & women s health nursing/^cSusan Scott Ricci
246 1  ^aEssentials of maternity, newborn, and women s healthnursing
250    ^a5th ed.
260    ^aPhiladelphia :^bWolters Kluwer/Lippincott Williams &Wilkins,^c2021
300    ^axvii, 965 p. :^bcol. ill. ;^c29 cm.
504    ^aIncludes bibliographical references and index.
505 0  ^aPerspectives on maternal, newborn, and women s health care-- Family-centered community-based care -- Anatomy andphysiology of the reproductive system -- Commonreproductive issues -- Sexually transmitted infections --Disorders of the breasts -- Benign disorders of the femalereproductive tract -- Cancers of the female reproductivetract -- Violence and abuse -- Fetal development andgenetics -- Maternal adaptation during pregnancy --Nursing management during pregnancy -- Labor and birthprocess -- Nursing management during labor and birth --Postpartum adaptations -- Nursing management during thepostpartum period -- Newborn transitioning -- Nursingmanagement of the newborn -- Nursing management ofpregnancy at risk : pregnancy-related complications --Nursing management of the pregnancy at risk : selectedhealth conditions and vulnerable populations -- Nursingmanagement of labor and birth at risk -- Nursingmanagement of the postpartum woman at risk -- Nursing careof the newborn with special needs -- Nursing management ofthe newborn at risk : acquired and congenital newbornconditions.
650  0 ^aMaternity nursing
650  0 ^aGynecologic nursing
650  2 ^aMaternal-Child Nursing
650  2 ^aObstetric Nursing
650  2 ^aPregnancy Complications^xnursing
945    ^p2176^l0^i008444
945    ^p3230^l0^i011173
999    ^aประนอม เกษจรัล
รายการนี้ยังไม่มีแท็ก
คุณยังไม่ได้ล็อกอิน คุณสามารถมีกิจกรรมร่วมกับเว็บไซต์ได้ แต่ต้องล็อกอินก่อน ::
  ล็อกอิน

รายการสื่อสารสนเทศ

ลำดับที่ ประเภท เลขเรียก/บาร์โค้ด สถานที่ สถานะ
1. Book การพยาบาล
หนังสือสำรอง
สถานะ=หนังสือสำรอง
WY157.3 R491E ฉ.1 
  Barcode: 008444
ห้องสมุดวิทยาเขตสวรรค์ประชารักษ์
►หนังสือทั่วไป
บนชั้น
2. Book การพยาบาล
Book การพยาบาล
WY157.3 R491E ฉ.2 
  Barcode: 011173
ห้องสมุดวิทยาเขตสวรรค์ประชารักษ์
►หนังสือทั่วไป
บนชั้น

รายการใกล้เคียง
    ผู้แต่ง [Ricci, Susan Scott]

    หัวเรื่อง [Maternity nursing]
    หัวเรื่อง [Gynecologic nursing]
    หัวเรื่อง [Maternal-Child Nursing]
    หัวเรื่อง [Obstetric Nursing]
    หัวเรื่อง [Pregnancy Complications nursing]

BibComment


ยังไม่เคยถูกคอมเมนท์

คอมเมนท์ทรัพยากรรายการนี้
  คอมเมนท์: Essentials of ma..


 Copyright 2026. Bcnsprnw @Library